000 00822nam a2200241 i 4500
001 bg
245 0 0 _aDevelopments in machinery design and control.Vol. /
_cKazimierz Peszyński ed
_n3.
260 _aBydgoszcz :
_bUniversity Press of University of Technology and Agriculture,
_ccop. 2003.
300 _a106 s. :
_brys., wykr. ;
_c24 cm.
500 _aPocz. pt.: Development in control and machinery design.
504 _aBibliogr. przy rozdz.
650 9 _aMaszyny
_xprojekty
_xoprogramowanie
655 _aMateriały konferencyjne
700 1 _aPESZYŃSKI, Kazimierz.
_eRed.
015 _aPB 10797/2005
020 _a8389334852 (cz. 3)
040 _cBPK
041 0 _aeng
080 _a621.001.13/.14:004.4](061)
920 _a83-89334-85-2 (cz. 3)
942 _cKS
008 s pl f |000 0 pol
999 _c51417
_d51417
856 _uhttp://koha.tu.koszalin.pl/cgi-bin/koha/opac-detail.pl?biblionumber=51417
_yKatalog online BPK